Adivina el logo - Argentina 6 - Estadísticas

Estadísticas generales
  • Esta prueba ha sido intentada 32 veces
  • La puntuación promedio es 9 de 16
Estadísticas de respuestas
Imagen Respuesta % Correcto
Hello Kitty
97%
Oral-B
93%
Pampers
93%
Cars
90%
Felfort
90%
Wall-E
79%
DirecTV
69%
Max Steel
62%
Yamaha
52%
Yenny
52%
Sony Ericsson
45%
Bross
41%
Gibson
34%
Arcor
31%
Ediciones de Mente
14%
Lenovo
7%
No se encontraron pruebas coincidentes
Distribución de puntuación
Porcentaje de gente con cada puntuación
Porcentaje por número respondido
Historial de tus puntuaciones
No has intentado esta prueba.